zpět

Detail výsledku týmu

Bar U Souseda, Plzeň

Datum a čas kvízu

25.5 Celkem bodů Celkový počet nahraných bodů na tomto kvízu bez doplňovacích otázek.
8. Pořadí na kvízu Konečné umístění týmu na tomto kvízu.

Zaznamenané odpovědi

# Otázka Odpověď Body Výsledky
1. Prezident Pavel si při své dvo... TON 1
2. Záplavy minulý týden velmi ztí... Dubaj 1
3. Ve čtvrtek vystoupil v brněnsk... Slash 1
4. Abstraktní obraz Conception/Da... František Kupka 1
5. Při závodě třídy Moto3 ve Velk... snažil se nastartovat soupeřovu motorku 1
6. Jihoafrická republika má de fa... Kapské město; Bloemfontein 0.5
7. Které evropské hlavní město se... Oslo 0
8. Nyní vám dáme na výběr, zda si... Windhoek; Manila 0
9. Které malebné a nepříliš lidna... Lublaň 1
10. Kazachstán drží rekord v přejm... Astana; Nur-Sultan 0.5